000 00531nam a2200217 a 4500
999 _c8212
_d8212
001 8212
003 BD-JhCC
005 20180219125732.0
008 180219s1957 e |||| || | 000 0 eng d
035 _a(BD-JhCC)8212
040 _aBD-JhCC
_dBD-JhCC
041 _aeng
082 _a824.8
_bCAI 1957
100 _aCaird, Edward
245 _aThomas Carlyle /
_cEdward Caird, Joseph Hazzini
260 _aLondon :
_bOxford,
_c1957.
300 _a172 p. :
_c19 cm.
650 _aEnglish Story
942 _2ddc
_cBK